Guerras de Flandes : (Record no. 165800)

MARC details
000 -LEADER
campo de control de longitud fija 02101nam a22003615i 4500
001 - NÚMERO DE CONTROL
campo de control 165800
003 - IDENTIFICADOR DE NÚMERO DE CONTROL
campo de control ES-MaACL
005 - FECHA Y HORA DE LA ÚLTIMA TRANSACCIÓN
campo de control 20250728063135.0
008 - DATOS DE LONGITUD FIJA--INFORMACIÓN GENERAL
campo de control de longitud fija 950206s1748 be a |||| | spa d
040 ## - FUENTE DE CATALOGACIÓN
Centro/agencia transcriptor ES-MaACL
080 ## - NÚMERO DE LA CLASIFICACIÓN DECIMAL UNIVERSAL
Número de la Clasificación Decimal Universal 94(492)"1556/1648"
100 1# - ENTRADA PRINCIPAL--NOMBRE DE PERSONA
Nombre de persona Strada, Famiano,
Fechas asociadas al nombre 1572-1649
Término indicativo de función/relación Autor
9 (RLIN) 132919
245 10 - MENCIÓN DEL TÍTULO
Título Guerras de Flandes :
Resto del título primera decada, desde la muerte del Emperador Carlos V hasta el principio del govierno de Alexandro Farnese.
Número de parte o sección de la obra Tomo I, part. I /
Mención de responsabilidad, etc. escriviólas en latin el R.P. Famiano Estrada de la Compañia de Jesus y las traduxó en romance el R.F. Melchor de Novar, de la misma Compañía ;
246 1# - FORMA VARIANTE DEL TITULO
Título propio/Titulo breve Guerras de Flandes :
Resto del título primera década, desde la muerte del emperador Carlos V hasta el principio del gobierno de Alexandro Farnese
250 ## - MENCION DE EDICION
Mención de edición Nueva edicion, enriquecida de lindissimas estampas, en la qual se enmendaron essenciales erratas
260 ## - PUBLICACIÓN, DISTRIBUCIÓN, ETC.
Lugar de publicación, distribución, etc. En Amberes :
Nombre del editor, distribuidor, etc. por Marcos-Miguel Bousquet y compañia,
Fecha de publicación, distribución, etc. 1748
300 ## - DESCRIPCIÓN FÍSICA
Extensión [2], XXVIII, 514 páginas, [4] hojas de láminas ;
Dimensiones 12º
530 ## - NOTA DISPONIBLE DE FORMULARIO FÍSICO ADICIONAL
Nota de formato físico adicional disponible Disponible en formato digital
597 ## - NOTA DE DESCRIPCIÓN FÍSICA
NOTA DE DESCRIPCIÓN FÍSICA Sign.: [ ]1, [cruz]11, 2[cruz]4, A-X12, Y5.
597 ## - NOTA DE DESCRIPCIÓN FÍSICA
NOTA DE DESCRIPCIÓN FÍSICA Port. a dos tintas
599 ## - NOTA A LAS ILUSTRACIONES
NOTA A LAS ILUSTRACIONES Front. calc.: "Delamonce in et del Ioubert sc. Lugd."
599 ## - NOTA A LAS ILUSTRACIONES
NOTA A LAS ILUSTRACIONES Láminas: grab. calc.: p. 1, retrato de Carlos V; p. 130, retrato de Antonio Perenot; ambas: "en casa de Bousquet" y retratos de Margarita de Austria y Guillermo I
600 14 - PUNTO DE ACCESO ADICIONAL DE MATERIA--NOMBRE DE PERSONA
Nombre de persona Alejandro Farnesio,
Títulos y otros términos asociados al nombre Duque de Parma
9 (RLIN) 155121
651 #0 - PUNTO DE ACCESO ADICIONAL DE MATERIA--NOMBRE GEOGRÁFICO
Nombre geográfico Países Bajos-
Subdivisión general Historia-
Subdivisión cronológica 1556-1648 (Guerras de la Independencia)
9 (RLIN) 241409
700 1# - ENTRADA AGREGADA--NOMBRE PERSONAL
Nombre de persona Novar, Melchor de
Títulos y otros términos asociados al nombre (S.I.),
Fechas asociadas al nombre 1629-1707
Término indicativo de función/relación Traductor
9 (RLIN) 130535
700 1# - ENTRADA AGREGADA--NOMBRE PERSONAL
Nombre de persona Bousquet, Marc-Michel,
Fechas asociadas al nombre 1696-1762
Término indicativo de función/relación Impresor
9 (RLIN) 241407
700 1# - ENTRADA AGREGADA--NOMBRE PERSONAL
Nombre de persona Delamonce, Ferdinand,
Fechas asociadas al nombre 1678-1753
Término indicativo de función/relación Dibujante
9 (RLIN) 241408
852 4# - LOCALIZACIÓN
Ubicación ES-MaACL
Signatura antigua Olim: G-13943-49
Donativo/Legado Donat. Biblioteca de Palacio
Número de control de estantería R-1494
Encuadernación Piel
856 4# - LOCALIZACIÓN Y ACCESO ELECTRÓNICOS
Identificador Uniforme de Recursos <a href="https://hdl.handle.net/11441/120726">https://hdl.handle.net/11441/120726</a>
Texto de enlace Versión en línea
Nota pública (idUS: Depósito de Investigación Universidad de Sevilla)
942 ## - ELEMENTOS DE ENTRADA SECUNDARIOS (KOHA)
Fuente del sistema de clasificación o colocación Clasificación decimal universal
Tipo de ítem Koha Libro impreso antiguo
Suprimir en OPAC No
Holdings
Estatus retirado Estado de pérdida Fuente del sistema de clasificación o colocación Estado de daño No para préstamo Colección Biblioteca de origen Biblioteca actual Ubicación en estantería Fecha de adquisición Fuente de adquisición Total de préstamos Signatura topográfica completa Código de barras Visto por última vez Tipo de ítem Koha
    Clasificación decimal universal     Libros del s. XVIII Biblioteca del Ateneo de Madrid Biblioteca del Ateneo de Madrid Depósito 17/01/2008 Donación   R-1494 1173878 23/02/2023 Libro impreso antiguo